Las huelgas de trabajadores, las asociaciones de obreros y las Cajas de Ahorros / (Record no. 167175)

MARC details
000 -LEADER
campo de control de longitud fija 00845nam a22001935i 4500
001 - NÚMERO DE CONTROL
campo de control 167175
003 - IDENTIFICADOR DE NÚMERO DE CONTROL
campo de control ES-MaACL
005 - FECHA Y HORA DE LA ÚLTIMA TRANSACCIÓN
campo de control 20230906213455.0
008 - DATOS DE LONGITUD FIJA--INFORMACIÓN GENERAL
campo de control de longitud fija 960320s1882 sp |||| | spa d
040 ## - FUENTE DE CATALOGACIÓN
Centro catalogador/agencia de origen CLM
Lengua de catalogación spa
Centro/agencia transcriptor CCPB | SIC
100 1# - ENTRADA PRINCIPAL--NOMBRE DE PERSONA
Nombre de persona Ventosa, Ricardo.
9 (RLIN) 113908
245 14 - MENCIÓN DEL TÍTULO
Título Las huelgas de trabajadores, las asociaciones de obreros y las Cajas de Ahorros /
Mención de responsabilidad, etc. memorias... escritas por Ricardo Ventosa.
260 ## - PUBLICACIÓN, DISTRIBUCIÓN, ETC.
Lugar de publicación, distribución, etc. Madrid :
Nombre del editor, distribuidor, etc. [s.n.],
Fecha de publicación, distribución, etc. 1882 (
Fabricante Tipografía Gutenberg á cargo de M. Salamanqués)
300 ## - DESCRIPCIÓN FÍSICA
Extensión 114 p. ;
Dimensiones 19 cm.
500 ## - NOTA GENERAL
Nota general En port: Memorias premiadas con accésit por la Real Academia de Ciencias Morales y Políticas en el Concurso extraordinario de 1875.
597 ## - NOTA DE DESCRIPCIÓN FÍSICA
NOTA DE DESCRIPCIÓN FÍSICA Antep.
650 04 - PUNTO DE ACCESO ADICIONAL DE MATERIA--TÉRMINO DE MATERIA
Término de materia o nombre geográfico como elemento de entrada Huelgas.
9 (RLIN) 13489
852 ## - LOCALIZACIÓN
Ubicación ES-MaACL
Número de control de estantería T-400-F-5
Nota libre -- Enc. hol., falto de la cub. original
-- -- Enc. en un vol. facticio
Holdings
Estatus retirado Estado de pérdida Estado de daño No para préstamo Colección Biblioteca de origen Biblioteca actual Ubicación en estantería Fecha de adquisición Total de préstamos Signatura topográfica completa Código de barras Visto por última vez Precio de reemplazo Tipo de ítem Koha
        Colección de folletos Biblioteca del Ateneo de Madrid Biblioteca del Ateneo de Madrid Depósito folletos 17/01/2008   T-400-F-5 1175364 23/02/2023 23/02/2023 Folleto